000
00249nam a2200097Ia 4500
001
815888
005
20250826171705.0
008
250824s9999 xx 000 0 und d
245
0
_a
UYKUCU ŞİİRLER
_c
HAYDAR ERGÜLEN
260
_b
KIRMIZI KEDİ YAYINLARI
999
_c
815888
_d
815888